Kalle Blomquist: Eva-Lotte und Rasmus

Saved in:
Bibliographic Details
Main Author: Lindgren, Astrid, 1907-2002
Format: Book
Language:German
Swedish
Published: Hamburg: Oetinger, 1968.
Subjects:
Tags: Add Tag
No Tags, Be the first to tag this record!

MARC

LEADER 00000cam a2200000 a 4500
001 1/124103
008 220107s1968####gw | ||| |||| ||ger||
040 |a GR-MyUa  |b gre  |c GR-MyUa  |e AACR2 
041 1 |a ger  |h swe 
082 7 |a 830.99282  |2 (23) 
100 1 |a Lindgren, Astrid,   |d 1907-2002. 
245 1 0 |a Kalle Blomquist:   |b Eva-Lotte und Rasmus /  |c Astrid Lindgren ; [aus dem Schwedischen von Karl Kurt Peters]. 
260 |a Hamburg:   |b Oetinger,   |c 1968.  
300 |a 157 σ. ;   |c 19 εκ.  
650 0 |a Children  |x Books and reading. 
650 0 |a Children's literature, German. 
650 0 |a Young adults  |x Books and reading. 
922 |a 4ΕΛΗ  |b 2021/12 
970 |a Σιδερή   |b Νεκταρία   |z 2022/01/07